| 000 | 00379nam a2200133Ia 4500 | ||
|---|---|---|---|
| 008 | 240624s9999 xx 000 0 und d | ||
| 041 | _aeng | ||
| 082 | _a658.4036 RIT | ||
| 100 | _aBECKE RITTERSPACH FLORIAN A A | ||
| 245 | _aMICROPOLITICS IN THE MULTINATIONAL CORPO | ||
| 260 |
_c2016 _aNew Delhi _bCambridge University Press |
||
| 300 | _axvii, 309 p.; 23 cm. | ||
| 365 |
_c _b30 |
||
| 999 |
_c29724 _d29724 |
||